|
|
|
|
| LEADER |
00580cam a2200193ua 4500 |
| 008 |
060815t1980||||||||||| 00 ||eng c |
| 041 |
0 |
|
|a eng
|
| 082 |
|
|
|a 894.812 371
|b KOV/A
|
| 245 |
0 |
2 |
|a A minus B /
|
| 260 |
|
|
|a Thrissur:
|b Kerala Sahitya Akademi,
|c 1980.
|
| 300 |
|
|
|a 171p..
|
| 362 |
1 |
|
|a 1980.
|
| 365 |
|
|
|a Rs.15.50
|e pb.
|
| 650 |
|
|
|a Malayalam Literature
|
| 650 |
0 |
|
|a Malayalam Fiction
|
| 700 |
0 |
2 |
|a Kovilan,
|
| 942 |
|
|
|c BK
|
| 999 |
|
|
|c 7883
|d 7883
|
| 952 |
|
|
|0 0
|1 0
|4 0
|6 894_812000000000000_371_KOV
|7 0
|9 8240
|a KUCL
|b KUCL
|d 2014-05-23
|l 0
|o 894.812 371 KOV/
|p 01139
|r 2014-05-23
|w 2014-05-23
|y BK
|